|
|
|
|
| LEADER |
00000nam a2200000 a 4500 |
| 001 |
vtls011626133 |
| 003 |
SK-MaSNL |
| 005 |
20260301140617.0 |
| 008 |
240318s2013 xr a g 000 j cze |
| 015 |
|
|
|a SNBZSA2017/05
|
| 020 |
|
|
|a 9788074330735
|q (viazané)
|
| 035 |
|
|
|a urn:nbn:sk:snk-am00cy31
|
| 035 |
|
|
|a urn:nbn:sk:snk-am3hf31
|
| 035 |
|
|
|a 9BB959FF-AC01-4575-92DC-1FF1B005361C
|
| 040 |
|
|
|a SNK
|b slo
|c SNK
|e AACR2
|
| 041 |
1 |
|
|a cze
|h slo
|
| 044 |
|
|
|a xr
|c CZ
|
| 072 |
|
7 |
|a 821.162.4-3
|x Slovenská próza
|2 konspekt
|
| 080 |
|
|
|a 639.1
|2 2011
|
| 080 |
|
|
|a 821.162.4-32
|2 2011
|
| 100 |
1 |
|
|a Štefančík, Michal,
|d 1946-
|4 aut
|9 47236
|
| 245 |
1 |
0 |
|a Příběhy starého lesníka
|c Michal Štefančík ; [ze slovenštiny přeložila Anna Štorkánová ; ilustrace Miloslav Havlíček]
|
| 260 |
|
|
|a [Líbeznice]
|b Víkend
|c 2013
|
| 300 |
|
|
|a 173 s.
|b ilustr.
|c 20 cm
|
| 650 |
0 |
7 |
|a poľovníctvo
|2 SNKPH
|9 2774
|
| 650 |
0 |
7 |
|a Hunting
|2 SNKPHeng
|9 265411
|
| 655 |
|
7 |
|a slovenské príbehy
|2 SNKPH
|9 70494
|
| 655 |
|
7 |
|a Slovak stories
|2 SNKPHeng
|9 277112
|
| 700 |
1 |
|
|a Štorkánová, Anna
|4 trl
|9 493487
|
| 700 |
1 |
|
|a Havlíček, Miloslav,
|d 1933-
|4 ill
|9 177494
|
| 919 |
|
|
|a 978-80-7433-073-5
|
| 958 |
|
|
|a ZS
|
| 958 |
|
|
|a NB
|
| 999 |
|
|
|c 764355
|d 766285
|
| 952 |
|
|
|a SNK
|b SNK
|y PREZ
|7 0
|p 17A1258665
|o snkSD 86239
|i snk2017/10876
|8 4
|g 9.21
|0 0
|1 0
|4 0
|d 2017-04-27
|f 1
|l 0
|r 2026-02-24 00:15:00
|w 2026-02-24
|